Moving out of poverty? : (Record no. 14733)

000 -LEADER
fixed length control field 00659cam a2200169 a 4500
020 ## - INTERNATIONAL STANDARD BOOK NUMBER
ISBN 9789995052188
040 ## - CATALOGING SOURCE
Transcribing agency JNA
082 ## - DEWEY DECIMAL CLASSIFICATION NUMBER
Classification number 362 CAM 2007 A068 Or.
245 00 - TITLE STATEMENT
Title Moving out of poverty? :
Remainder of title trends in community well-being and household mobility in nine Cambodian villages /
260 ## - PUBLICATION, DISTRIBUTION, ETC. (IMPRINT)
Place of publication Phnom Penh, Cambodia :
Name of publisher Cambodia's Leading Independent Development Policy Research Institute,
Year of publication c2007.
300 ## - PHYSICAL DESCRIPTION
Number of Pages 331 p. :
Other physical details ill., col. map ;
Dimensions 30 cm.
500 ## - GENERAL NOTE
General note "September 2007."
650 #0 - SUBJECT ADDED ENTRY--TOPICAL TERM
Topical Term Poverty
700 1# - ADDED ENTRY--PERSONAL NAME
Personal name FitzGerald, Ingrid.
710 2# - ADDED ENTRY--CORPORATE NAME
Corporate name or jurisdiction name as entry element Vidyāsthān Paṇṭuḥ Paṇṭāl niṅ Srāvjrāv ṭoempī Qabhivaḍḍhn ̊Kambujā.
942 ## - ADDED ENTRY ELEMENTS (KOHA)
Koha item type សៀវភៅភាសាអង់គ្លេស
952 ## - LOCATION AND ITEM INFORMATION (KOHA)
Withdrawn status [LOCAL, KOHA] 0
Holdings
Permanent Location Date acquired Koha item type Lost status Shelving location Barcode Current Location Full call number
Library Block A2017-10-25សៀវភៅភាសាអង់គ្លេស A068A20793Library Block A362 CAM 2007 A068 Or.
មជ្ឈមណ្ឌលឯការនៃសាកលវិទ្យាល័យភូមិន្ទកសិកម្មចំការដូង

Powered by Koha